000 00981nas a2200313 4500
001 BR0303242
003 BR-BrBNA
005 20231205103911.0
007 ta
008 230509b bl.|||p| |||| 00| 00por d
040 _aBR-BrBNA
_bpor
_cBiblioteca Nacional de Agricultura
041 _a(Pt)
072 _aL02
100 1 _aSchoulten, N.A.
100 1 _aTeixeira, A.S.
100 1 _aConte, A.J.
100 1 _aSilva, H.O.
100 1 _aBertechini, A.G.
100 1 _aFialho, E.T.
245 1 _aEfeito dos níveis de cálcio da ração suplementada com fitase sobre a deposição de minerais na tíbia de frangos de corte de 22 a 42 dias
650 _aFRANGO DE CORTE
650 _aRAÇÃO
650 _aCÁLCIO
650 _aMINERALIZAÇÃO
650 _aSUPLEMENTO ALIMENTAR
773 0 _tCiência e Agrotecnologia (Brazil)
_xISSN 1413-7054
_g(Jan-Feb 2003), v. 27(1) p. 206-210
_wBR0303242
909 _a202311
_bLúcia
_c55
_dLúcia Elande
942 _2AGRIS
_n0
_cANA
999 _c175344
_d175344